Представление документа в формате RUSMARC

ПолеНазваниеЗначение
  Тип записи a
  Библиографический уровень m
001 Контрольный номер RU/SLIB/B/208714644
005 Дата корректировки 20201206203923.5
010 Индекс ISBN __
d Цена 0-65
101 Язык документа __
a Язык текста rus
200 Заглавие и сведения об ответственности 0_
a Заглавие Жемчужный саван
b Общее обозначение материала Текст
210 Выходные данные __
a Место издания М.
c Издательство Мысль
d Дата издания 1978
215 Физическое описание __
a Объем 109 с.
c Иллюстрации/тип воспроизводства ил.
320 Библиография __
a Библиография Библиогр.: с. 107-108
606 Тематические рубрики __
a Основная рубрика Гидрология суши
606 Тематические рубрики __
a Основная рубрика Страноведение
606 Тематические рубрики __
y Географическая подрубрика Армения; Россия; СССР
610 Ключевые слова __
a Ключевые слова водный бассейн; водные ресурсы; зоны отдыха; озера
686 Индексы других классификаций __
a Классификационный индекс 26.222.6
686 Индексы других классификаций __
a Классификационный индекс 26.89(5Арм)
700 Автор _1
a Фамилия Габриелян
b Имя Г. К.
4 Код отношения 070
801 Источник записи _0
a Страна RU
b Организация Муниципальное бюджетное учреждение культуры "Централизованная библиотечная система" г. Сургут (Центральная городская библиотека им. А. С. Пушкина)
g Правила каталогизации К/Кундохова
801 Источник записи _1
a Страна RU
b Организация Муниципальное бюджетное учреждение культуры "Централизованная библиотечная система" г. Сургут (Центральная городская библиотека им. А. С. Пушкина)
g Правила каталогизации К/Кундохова
852 Данные о местонахождении __
j Шифр хранения 26.222.6
c Каталожный индекс 26.222.6; 26.89(5Арм)
i Авторский знак Г 12
p Инвентарный номер 116651(с)
901 Тип документа __
t Тип документа m
990 Данные о заказе (DOS) __
j Количество экземпляров (DOS) 1